Review of the number of cavity walls in Great Britain (Record no. 114382)

MARC details
000 -LEADER
fixed length control field 01112cad a22002055a 4500
001 - CONTROL NUMBER
control field L156714
008 - FIXED-LENGTH DATA ELEMENTS--GENERAL INFORMATION
fixed length control field 120627s2012 xxk f 000 0 eng d
035 ## - SYSTEM CONTROL NUMBER
System control number (Sirsi) u156714
041 0# - LANGUAGE CODE
Language code of text/sound track or separate title eng
110 2# - MAIN ENTRY--CORPORATE NAME
Corporate name or jurisdiction name as entry element United Kingdom
Subordinate unit Department of Energy and Climate Change
9 (RLIN) 5850
245 00 - TITLE STATEMENT
Title Review of the number of cavity walls in Great Britain
Remainder of title Methodology
Medium [electronic resource]
260 ## - PUBLICATION, DISTRIBUTION, ETC.
Place of publication, distribution, etc. London
Name of publisher, distributor, etc. DECC
Date of publication, distribution, etc. 2012
520 ## - SUMMARY, ETC.
Summary, etc. Update to a 2010 study which gave an estimate of the number of hard to fill cavity walls in domestic dwellings in Great Britain. Provides the background to this study along with the methodology used in calculating the numbers and an explanation of the categorisation used. The numerical findings are included in Appendix A with the data sources in Appendix B.
590 ## - LOCAL NOTE (RLIN)
Local note KA NTK
651 #4 - SUBJECT ADDED ENTRY--GEOGRAPHIC NAME
Geographic name United Kingdom
690 ## - LOCAL SUBJECT ADDED ENTRY--TOPICAL TERM (OCLC, RLIN)
Topical term or geographic name as entry element Energy
9 (RLIN) 6237
690 ## - LOCAL SUBJECT ADDED ENTRY--TOPICAL TERM (OCLC, RLIN)
Topical term or geographic name as entry element Sustainability
9 (RLIN) 6271
856 40 - ELECTRONIC LOCATION AND ACCESS
Uniform Resource Identifier <a href="https://www.decc.gov.uk/assets/decc/11/stats/energy/energy-efficiency/5620-review-of-the-number-of-cavity-walls-in-great-brit.pdf">https://www.decc.gov.uk/assets/decc/11/stats/energy/energy-efficiency/5620-review-of-the-number-of-cavity-walls-in-great-brit.pdf</a>
Public note view the report free of charge at www.decc.gov.uk
942 ## - ADDED ENTRY ELEMENTS (KOHA)
Suppress in OPAC 0
Holdings
Withdrawn status Lost status Source of classification or shelving scheme Damaged status Not for loan Home library Current library Shelving location Date acquired Total Checkouts Full call number Barcode Date last seen Copy number Price effective from Koha item type
    Dewey Decimal Classification     Virtual Virtual Online 27/06/2012   ONLINE PUBLICATION 156714-2001 06/08/2019 1 06/08/2019 Book